| 000 | 00650nam a22001817a 4500 | ||
|---|---|---|---|
| 003 | BD-DhUL | ||
| 005 | 20180522143907.0 | ||
| 008 | 180522s1960 ii |||| |||| 000 0 ben d | ||
| 040 |
_aBD-DhUL _cBD-DhUL |
||
| 082 |
_a891.443 _bMIP |
||
| 100 | 1 | _aপ্রেমেন্দ্র মিত্র | |
| 245 | 1 | 0 |
_aপরাশর / _cপ্রেমেন্দ্র মিত্র |
| 260 |
_aকলিকাতা : _bইণ্ডিয়ান অ্যাসোসিয়েটেড, _c১৯৬০। |
||
| 300 |
_a১১২ পৃ. ; _c২১ সেমি |
||
| 650 | 0 | _aউপন্যাস। | |
| 650 | 0 | _aFiction. | |
| 942 |
_2ddc _cBK |
||
| 999 |
_c241466 _d241466 |
||